000 00336 a2200145 4500
001 153669
040 _cEscola São Tomás de Aquino
100 _aORTHOF, Sylvia
240 1 0 _aMaria vai com as outras
_lpor
245 1 0 _aMaria vai com as outras
362 0 _a2008
440 1 _aÁtica
697 _a*LITERATURA INFANTO
942 _cBK
999 _c153669
_d153669